Регионална библиотека "Любен Каравелов" - Русе

Послушният метал (Запис номер 149107)

MARC детайли
000 -Лидер
Контролно поле с фиксирана дължина 01534nam a2200325 c 4500
003 - Код на организацията, давaща контролен номер
Контролно поле BLK
005 - Дата и час на последна редакция
Контролно поле 20180422112910.0
008 - Елементи от данни с фиксирана дължина
fixed length control field 180410b bul|||||r ||||||| ||bul||
010 ## - Наследен системен номер
LC control number KNG00155350000
040 ## - Източник на каталожния запис
Идентификатор на билиотеката - собственик на записа BLK
041 ## - Код за език
Код за езика на текст/звукозапис или на отделно заглавие Български
Код за езика КДБФ Български
080 ## - УДК
Текстов определител УДК Технология на металите. Металообработване. Общи въпроси
УДК код - определител по УДК 621.7/.9
УДК определител
УДК - код + определител 621.7/.9
100 1# - Редна дума - Автор
Автор Ерликин, Людвиг Андреевич
Авторска отговорност първи автор
R(LIN) 67504
139 ## - Редно поле
Редна дума Ерликин, Людвиг Андреевич
Авторски знак Ерио - Е 78
245 10 - Сведения за заглавието
Заглавие Послушният метал
Подзаглавни данни Науч.-попул. очерк за деца и юноши
Редно поле (дума) Людвиг Андреевич Ерликин; прев. от рус. Светослава М. Петрова.
257 ## - Страна на издаване
Страна на създаване/издаване СССР
260 ## - Област на издателските данни
-- София
Име на издателя, разпространителя и проч. Техника
Година на издаване 1976
Печатница Ямбол : печ. Г. Димитров
300 ## - Физическа характеристика
Страници 168 с.
Илюстрации и др. с черт., табл.
Размери/Мащаб 20 см
380 ## - Жанр
Жанр Техника
500 ## - Общи забележки
Забележка Ориг. загл. Послушный металл. - 10 090 тир. - Предм. показалец.
650 #4 - Допълнително описание по предмет – тема
Основно описание – тема или топоним Металообработка
9 (RLIN) 161986
653 ## - Ключова дума – ненормативна
Ключова дума металообработване
653 ## - Ключова дума – ненормативна
Ключова дума литература за деца
700 1# - Други автори (авторска отговорност)
Лично име Петрова, Светослава М.
Автороска отговорност (Описва отношението между автора и произведението) прев. от рус.
9 (RLIN) 380391
852 ## - Местоположение
Форматна сигнатура Цб 83079
856 4# - Електронен адрес и достъп
Електронен формат pdf - файл
Път до файла /url/
856 4# - Електронен адрес и достъп
Електронен формат pdf - файл
Път до файла /url/
942 ## - АРТИКУЛИ
Вид на библиотечния материал Книги
Скрит в OPAC Не
944 ## - СЪЗДАВАНЕ И РЕДАКЦИЯ на ЗАПИСА
Създаване/Редакция Създаване
Дата на регистрацията/редакция 07.01.2014
Статус, дата на статуса 07.01.2014 - от С1,Р / 07.01.2014
Служител, извършил регистрацията/редакцията Даниел_Канатов
944 ## - СЪЗДАВАНЕ И РЕДАКЦИЯ на ЗАПИСА
Създаване/Редакция Редакция
Дата на регистрацията/редакция 07.01.2014
Статус, дата на статуса 07.01.2014 - от С1,Р / 07.01.2014
Служител, извършил регистрацията/редакцията
999 ## - СИСТЕМНИ КОНТРОЛНИ НОМЕРА
Koha biblionumber 149107
Koha biblioitemnumber 149107
Наличности
Код за отписване Код за изгубен артикул Източник на класификационната схема Код за повреда Коз за рестрикции Код за отдаване Артикулен № Име на библиотеката - собственик Име на библиотеката, в която се намира в момента Статус (Текущо местоположение) Дата на вписване в системата Местоположение - отдел Цена в лева Инвентарен номер Систематично азбучна сигнатура Баркод Номер на екземпляра Цена в евро Служебна бележка Служебен тип на артикула
  Не е изгубен Universal Decimal Classification Не е повреден само за читалня ползва се в читалня 248745 Регионална библиотека "Любен Каравелов" Русе Регионална библиотека "Любен Каравелов" Русе Хранилище 1976-01-01 Хранилище 0.46 214255 Цб 83079 120000214255 1 0.24 Дост: Dp Вид: Д N: стар фонд Дата: 01.01.1976 Книги
Изтеглен Не е изгубен Universal Decimal Classification Не е повреден без рестрикции заемане за дома 248746 Регионална библиотека "Любен Каравелов" Русе Регионална библиотека "Любен Каравелов" Русе Заемна - подръчен фонд 1976-01-01 Заемна - подръчен фонд 0.46 215231 П 621.7/.9/Е 78 215231 2 0.24 Дост: Pk Вид: Ф N: стар фонд Дата: 01.01.1976 Книги
Vip Innovations Ltd, Rousse, Bulgaria 2025